[Event "Aragon-chT Honor Gr I"]
[Site "Aragon"]
[Date "2023.03.04"]
[Round "6.19"]
[White "Hernando Garcia, Antonio"]
[Black "Palacios Herrero, Pablo"]
[Result "0-1"]
[WhiteElo "2101"]
[BlackElo "2198"]
[PlyCount "146"]
[EventDate "2023.01.28"]
[EventType "team-tourn"]
[EventRounds "7"]
[EventCountry "ESP"]
[SourceTitle "EXT 2024"]
[Source "ChessBase"]
[SourceDate "2023.10.10"]
[SourceVersion "1"]
[SourceVersionDate "2023.10.10"]
[SourceQuality "1"]
[WhiteTeam "El Olivar"]
[BlackTeam "Palacio de Pioneros"]
[WhiteTeamCountry "ESP"]
[BlackTeamCountry "ESP"]

1. c4 e6 2. Nf3 d5 3. cxd5 exd5 4. d4 c6 5. Nc3 Bf5 6. Bg5 Qb6 7. Qb3 Nd7 8. e3 Ngf6 9. Nd2 h6 10. Bh4 g5 11. Bg3 Nh5 12. Be2 Nxg3 13. hxg3 Nf6 14. Nf3 g4 15. Ne5 Bd6 16. Nd3 Qxb3 17. axb3 a6 18. Kd2 0-0-0 19. Ra4 h5 20. Nf4 Rh6 21. Bd3 Bd7 22. Raa1 Rdh8 23. Rh4 Be7 24. Rh2 Ne8 25. Rah1 Ng7 26. Nce2 Kc7 27. Kc3 f5 28. Kc2 Be8 29. Kb1 Bf7 30. Bc2 Bg5 31. Ka2 Kd6 32. Bd3 Ke7 33. Kb1 Kf6 34. Kc2 Ne8 35. Kb1 Nd6 36. Kc2 Kg7 37. Kb1 Bd8 38. Kc2 Kf6 39. Nc3 Kg5 40. Rh4 Bf6 41. Kb1 Be7 42. Kc2 Ne8 43. Kb1 Nf6 44. Nce2 Bd6 45. Rd1 Re8 46. Bc2 Bc7 47. Bd3 Ba5 48. Nc3 Bb4 49. Bc2 Rd8 50. Nce2 Ne4 51. Bxe4 dxe4 52. Rdh1 Bxb3 53. Rxh5+ Rxh5 54. Rxh5+ Kf6 55. Rh7 Bf7 56. Kc2 Be1 57. Nh5+ Bxh5 58. Rxh5 Bxf2 59. Kd2 c5 60. Rh7 cxd4 61. Nxd4 Bxg3 62. Rxb7 Rb8 63. Rxb8 Bxb8 64. Ne2 Be5 65. b3 Kg5 66. g3 Kf6 67. Kc2 Ke6 68. Kb1 Kd5 69. Kc2 Kc5 70. Kd2 Kb4 71. Kc2 a5 72. Nd4 Bxd4 73. exd4 f4 0-1

[Event "Roquetas de Mar op 34th"]
[Site "Roquetas de Mar"]
[Date "2023.01.04"]
[Round "3"]
[White "Bernabeu Lopez, Carlos Javier"]
[Black "Palacios Herrero, Pablo"]
[Result "1-0"]
[WhiteElo "2425"]
[BlackElo "2198"]
[PlyCount "69"]
[EventDate "2023.01.03"]
[EventType "swiss"]
[EventRounds "9"]
[EventCountry "ESP"]
[SourceTitle "CBM 212 Extra"]
[Source "ChessBase"]
[SourceDate "2023.03.31"]
[SourceVersion "1"]
[SourceVersionDate "2023.03.31"]
[SourceQuality "1"]

1. e4 e6 2. d4 d5 3. Nc3 Nf6 4. e5 Nfd7 5. f4 c5 6. Nf3 Nc6 7. Be3 Be7 8. Qd2 0-0 9. dxc5 Qa5 10. a3 Nxc5 11. Be2 a6 12. 0-0 Qc7 13. Nd4 Ne4 14. Nxe4 dxe4 15. Nxc6 Qxc6 16. c4 b6 17. b4 Bb7 18. Qd4 Bd8 19. a4 Bc7 20. b5 axb5 21. axb5 Qe8 22. c5 bxc5 23. Qxc5 Rc8 24. Rac1 Bb8 25. Qb4 f6 26. exf6 Rxf6 27. Rxc8 Qxc8 28. Qd2 Rf5 29. Rc1 Qe8 30. b6 e5 31. Bg4 Rxf4 32. Bxf4 exf4 33. Rd1 Qe5 34. Qd7 f3 35. Be6+ 1-0

[Event "Aragon-chT Honor Gr II"]
[Site "Aragon"]
[Date "2022.02.26"]
[Round "5.2"]
[White "Palacios Herrero, Pablo"]
[Black "Glavina, Pablo"]
[Result "1-0"]
[WhiteElo "2222"]
[BlackElo "2397"]
[PlyCount "193"]
[EventDate "2022.01.29"]
[EventType "team-tourn"]
[EventRounds "7"]
[EventCountry "ESP"]
[SourceTitle "EXT 2024"]
[Source "ChessBase"]
[SourceDate "2023.10.10"]
[SourceVersion "1"]
[SourceVersionDate "2023.10.10"]
[SourceQuality "1"]
[WhiteTeam "Palacio de Pioneros"]
[BlackTeam "Casablanca MyInvestor"]
[WhiteTeamCountry "ESP"]
[BlackTeamCountry "ESP"]

1. e4 e5 2. Nf3 Nc6 3. Bb5 a6 4. Ba4 Nf6 5. 0-0 Bc5 6. c3 b5 7. Bc2 d6 8. d4 Ba7 9. a4 Bg4 10. Bd3 0-0 11. axb5 axb5 12. Bxb5 Ne7 13. Re1 Qb8 14. Na3 c6 15. dxe5 dxe5 16. Bf1 Ng6 17. h3 Be6 18. b4 c5 19. Nb5 cxb4 20. Rxa7 Rxa7 21. Nxa7 Qxa7 22. cxb4 Qb7 23. Qd3 Rc8 24. Qb1 Bc4 25. Bxc4 Rxc4 26. Rd1 h6 27. b5 Nxe4 28. Be3 Rc8 29. Qb2 Nf4 30. Qxe5 Nc3 31. Rd2 Nxh3+ 32. Kh2 Ng5 33. Nxg5 hxg5 34. Bd4 f6 35. Qe6+ Kh7 36. Qh3+ Kg6 37. g4 Qb8+ 38. Kg1 Kf7 39. Bxc3 Qxb5 40. Qd3 Rc4 41. f3 Qc5+ 42. Bd4 Qc7 43. Bf2 Qc6 44. Qd7+ Qxd7 45. Rxd7+ Kg6 46. Rd5 Rc3 47. Kg2 Rc7 48. Bc5 Rb7 49. Kf2 Kf7 50. Rd6 Rc7 51. Bd4 Kg6 52. Ra6 Rd7 53. Ke3 Re7+ 54. Kd3 Re8 55. Ra7 Rd8 56. Ra6 Rd7 57. Ke4 Rd8 58. Bc5 Rb8 59. Kd5 Re8 60. Re6 Rb8 61. Kd6 Kf7 62. Re7+ Kg6 63. Re3 Kf7 64. Kc7 Rb5 65. Kc6 Rb8 66. Bb6 Ra8 67. Kd7 Kg6 68. Ke7 Rb8 69. Bd8 Ra8 70. Rd3 Ra7+ 71. Ke8 Kh7 72. Rd7 Ra3 73. Bxf6 Kg6 74. Bb2 Rxf3 75. Rxg7+ Kh6 76. Rd7 Rf2 77. Bh8 Kg6 78. Ke7 Re2+ 79. Kd8 Rh2 80. Rd6+ Kf7 81. Bc3 Rc2 82. Rf6+ Kg8 83. Rc6 Rf2 84. Rg6+ Kf7 85. Rxg5 Rg2 86. Kd7 Rg3 87. Be5 Rd3+ 88. Bd6 Rd2 89. Kc6 Kf6 90. Rg8 Rg2 91. Kd5 Rd2+ 92. Kc5 Rg2 93. Kc4 Kf7 94. Rg5 Ke6 95. Bf4 Rf2 96. Be3 Kf6 97. Rb5 1-0

[Event "La Pobla de Lillet op-A 30th"]
[Site "La Pobla de Lillet"]
[Date "2021.08.07"]
[Round "6"]
[White "Palacios Herrero, Pablo"]
[Black "Romero Pallares, Daniel"]
[Result "1/2-1/2"]
[WhiteElo "2245"]
[BlackElo "2222"]
[PlyCount "47"]
[EventDate "2021.08.02"]
[EventType "swiss"]
[EventRounds "9"]
[EventCountry "ESP"]
[SourceTitle "EXT 2022"]
[Source "ChessBase"]
[SourceDate "2021.10.06"]
[SourceVersion "1"]
[SourceVersionDate "2021.10.06"]
[SourceQuality "1"]

1. e4 c5 2. Nf3 g6 3. d4 cxd4 4. Nxd4 Nc6 5. Nc3 Bg7 6. Be3 Nf6 7. Bc4 0-0 8. Bb3 d6 9. f3 Bd7 10. Qd2 Rc8 11. 0-0-0 Nxd4 12. Bxd4 b5 13. h4 a5 14. h5 a4 15. Bxf6 Bxf6 16. hxg6 e6 17. e5 Bg7 18. Rxh7 Bxe5 19. Rdh1 fxg6 20. Rh8+ Bxh8 21. Rxh8+ Kxh8 22. Qh6+ Kg8 23. Qxg6+ Kh8 24. Qh6+ 1/2-1/2

[Event "Benasque op 40th"]
[Site "Benasque"]
[Date "2021.07.11"]
[Round "7"]
[White "Palacios Herrero, Pablo"]
[Black "Hapala, Elisabeth"]
[Result "0-1"]
[WhiteElo "2253"]
[BlackElo "2128"]
[PlyCount "124"]
[EventDate "2021.07.05"]
[EventType "swiss"]
[EventRounds "10"]
[EventCountry "ESP"]
[SourceTitle "EXT 2022"]
[Source "ChessBase"]
[SourceDate "2021.10.06"]
[SourceVersion "1"]
[SourceVersionDate "2021.10.06"]
[SourceQuality "1"]

1. e4 c5 2. Nf3 e6 3. d4 cxd4 4. Nxd4 Nc6 5. Nc3 Qc7 6. Be3 a6 7. Qf3 Nf6 8. 0-0-0 Ne5 9. Qg3 b5 10. a3 Bb7 11. Bxb5 Rc8 12. Ba4 Nxe4 13. Nxe4 Bxe4 14. Bf4 Qa5 15. Bxe5 Qxa4 16. Rd2 h5 17. f3 h4 18. Qf4 Bg6 19. Bd6 Bxd6 20. Qxd6 Rh5 21. Re1 Rhc5 22. Ree2 Qc4 23. Kb1 Rd5 24. Qf4 Rb5 25. Ka1 Rcb8 26. c3 Rb3 27. Qd6 R8b6 28. Nf5 Rxa3+ 29. Qxa3 Bxf5 30. Re1 Rb3 31. Qa5 Rb5 32. Qa2 Qc5 33. Rd4 Bc2 34. Rc4 Qf5 35. b4 a5 36. Rc5 Rxc5 37. bxc5 a4 38. Qa3 Bb3 39. c6 dxc6 40. Qc1 h3 41. gxh3 Qxf3 42. Qe3 Qg2 43. Re2 Qh1+ 44. Kb2 Qd5 45. Rd2 Qb5 46. Qd4 Bd5+ 47. Qb4 Qxb4+ 48. cxb4 Bc4 49. Kc3 Bb5 50. Kd4 f6 51. h4 Ke7 52. Rg2 Kf7 53. h5 e5+ 54. Ke3 Bc4 55. Rc2 Bd5 56. Rc3 f5 57. Rc5 a3 58. Ra5 a2 59. Ra6 f4+ 60. Kd3 e4+ 61. Kd4 e3 62. Kd3 Bc4+ 0-1

[Event "Zaragoza Rey Ardid 2nd"]
[Site "Zaragoza"]
[Date "2021.06.29"]
[Round "3"]
[White "Romero Pallares, Daniel"]
[Black "Palacios Herrero, Pablo"]
[Result "1/2-1/2"]
[WhiteElo "2203"]
[BlackElo "2243"]
[PlyCount "127"]
[EventDate "2021.06.28"]
[EventType "tourn"]
[EventRounds "9"]
[EventCountry "ESP"]
[EventCategory "4"]
[SourceTitle "CBM 203 Extra"]
[Source "ChessBase"]
[SourceDate "2021.09.30"]
[SourceVersion "1"]
[SourceVersionDate "2021.09.30"]
[SourceQuality "1"]

1. d4 d5 2. Nf3 Nf6 3. g3 e6 4. Bg2 Be7 5. 0-0 0-0 6. c4 dxc4 7. Qc2 a6 8. a4 Bd7 9. Qxc4 Bc6 10. Bg5 Bd5 11. Qc2 Be4 12. Qc1 h6 13. Bxf6 Bxf6 14. Rd1 a5 15. Nbd2 Bxf3 16. Bxf3 c6 17. e3 Nd7 18. Nc4 Nb6 19. h4 Nxc4 20. Qxc4 Qd6 21. Rab1 Qb4 22. b3 Rfd8 23. Rbc1 Rd7 24. Kg2 Rad8 25. Rc2 Be7 26. Rcd2 e5 27. d5 cxd5 28. Rxd5 Rxd5 29. Bxd5 Qxc4 30. bxc4 b6 31. Kf3 Kf8 32. Ke4 Bd6 33. Rb1 Bc7 34. g4 Ke7 35. Rh1 g6 36. h5 g5 37. Rh3 Rd6 38. Rh1 Rf6 39. f3 Bd6 40. Rb1 Bc5 41. Rb3 Rd6 42. Kxe5 Rd8 43. f4 Rg8 44. Kf5 Rg7 45. Rd3 Rg8 46. Bc6 Bd6 47. Rd4 Rc8 48. Re4+ Kf8 49. Bd5 Be7 50. Rd4 Rd8 51. Rd3 Kg7 52. Rb3 Rd6 53. Ke5 Rf6 54. f5 Bc5 55. Rd3 Rd6 56. Rb3 Rf6 57. Ke4 Rd6 58. Rb1 Kf6 59. Re1 Rd8 60. Kd3 Ke5 61. f6 Rd6 62. Rf1 Rxf6 63. Rxf6 Kxf6 64. Ke4 1/2-1/2

[Event "Aragon-chT Honor Gr I"]
[Site "Aragon"]
[Date "2021.03.13"]
[Round "1.10"]
[White "Palacios Herrero, Pablo"]
[Black "Gomez Calomarde, Saul"]
[Result "1-0"]
[WhiteElo "2243"]
[BlackElo "2036"]
[PlyCount "60"]
[EventDate "2021.03.13"]
[EventType "team-tourn"]
[EventRounds "7"]
[EventCountry "ESP"]
[SourceTitle "EXT 2024"]
[Source "ChessBase"]
[SourceDate "2023.10.10"]
[SourceVersion "1"]
[SourceVersionDate "2023.10.10"]
[SourceQuality "1"]
[WhiteTeam "Palacio de Pioneros"]
[BlackTeam "Teruel"]
[WhiteTeamCountry "ESP"]
[BlackTeamCountry "ESP"]

1. e4 c5 2. Nf3 Nc6 3. d4 cxd4 4. Nxd4 g6 5. Nc3 Bg7 6. Be3 Nf6 7. Bc4 0-0 8. Bb3 Ng4 9. Qxg4 Nxd4 10. Qh4 e6 11. Bg5 f6 12. Be3 f5 13. Bg5 Qa5 14. 0-0 b6 15. Nd5 exd5 16. Bxd5+ Ne6 17. Bxa8 Ba6 18. Bd5 Bxf1 19. Rxf1 Bxb2 20. Bh6 Bf6 21. Qg3 Bg7 22. Bxg7 Kxg7 23. Qe5+ Rf6 24. exf5 gxf5 25. h4 Qc5 26. c4 d6 27. Qe2 Nf4 28. Qe7+ Kg6 29. Bg8 h6 30. Bh7+ Kh5 1-0

[Event "ESP-chT CECLUB Div2"]
[Site "Linares"]
[Date "2020.08.27"]
[Round "5.2"]
[White "Ruiz Marana, Alejandro"]
[Black "Palacios Herrero, Pablo"]
[Result "0-1"]
[WhiteElo "2262"]
[BlackElo "2191"]
[PlyCount "108"]
[EventDate "2020.08.24"]
[EventType "team-tourn"]
[EventRounds "6"]
[EventCountry "ESP"]
[SourceTitle "CBM 198 Extra"]
[Source "ChessBase"]
[SourceDate "2020.11.30"]
[SourceVersion "1"]
[SourceVersionDate "2020.11.30"]
[SourceQuality "1"]
[WhiteTeam "Salcedo CC"]
[BlackTeam "Palacio de Pioneros"]
[WhiteTeamCountry "ESP"]
[BlackTeamCountry "ESP"]

1. e4 e6 2. d4 d5 3. Nd2 Nf6 4. e5 Nfd7 5. Bd3 c5 6. c3 Nc6 7. Ne2 cxd4 8. cxd4 f6 9. exf6 Nxf6 10. Nf3 Bd6 11. 0-0 Qc7 12. Bg5 0-0 13. Bh4 Nh5 14. Qc2 h6 15. Bh7+ Kh8 16. Bg6 Rxf3 17. Bxh5 Bxh2+ 18. Kh1 Rf5 19. Bg6 Bd6 20. Bxf5 exf5 21. Rfe1 Qf7 22. Kg1 g5 23. Bg3 f4 24. Bh2 Bf5 25. Qb3 Nb4 26. Rad1 Kg7 27. Rd2 Re8 28. a3 Nc6 29. Qc3 Bg4 30. f3 Bf5 31. Qc1 Na5 32. Rdd1 Nb3 33. Qc3 Re3 34. Qxe3 fxe3 35. Bxd6 Bc2 36. Nc3 Bxd1 37. Nxd1 Kg8 38. Be5 Qf5 39. Nxe3 Qd3 40. Ng4 Qd2 41. Bg3 Nxd4 42. Re8+ Kf7 43. Rb8 Ne2+ 44. Kh2 Nxg3 45. Rxb7+ Ke6 46. Kxg3 Qe1+ 47. Kh2 h5 48. Nh6 h4 49. Rb4 d4 50. Ng4 Qg3+ 51. Kh1 h3 52. gxh3 Qxf3+ 53. Kh2 d3 54. Rd4 d2 0-1

[Event "ESP-chT CECLUB Div2"]
[Site "Linares"]
[Date "2020.08.26"]
[Round "4.2"]
[White "Palacios Herrero, Pablo"]
[Black "Sanchez Jerez, Emilio Miguel"]
[Result "1-0"]
[WhiteElo "2191"]
[BlackElo "2203"]
[PlyCount "84"]
[EventDate "2020.08.24"]
[EventType "team-tourn"]
[EventRounds "6"]
[EventCountry "ESP"]
[SourceTitle "CBM 198 Extra"]
[Source "ChessBase"]
[SourceDate "2020.11.30"]
[SourceVersion "1"]
[SourceVersionDate "2020.11.30"]
[SourceQuality "1"]
[WhiteTeam "Palacio de Pioneros"]
[BlackTeam "Beniajan Duochess CAC II"]
[WhiteTeamCountry "ESP"]
[BlackTeamCountry "ESP"]

1. e4 e6 2. d4 d5 3. Nc3 Nf6 4. Bg5 Bb4 5. e5 h6 6. Be3 Ne4 7. Qg4 g5 8. a3 h5 9. Qf3 Bxc3+ 10. bxc3 c5 11. Bd3 Nxc3 12. dxc5 Nc6 13. Qg3 Rg8 14. h4 g4 15. Nf3 d4 16. Bd2 Qd5 17. 0-0 Bd7 18. Rfe1 0-0-0 19. Ng5 Rg7 20. Bxc3 dxc3 21. Ne4 Kb8 22. Nf6 Qxc5 23. Nxh5 Rgg8 24. Nf6 Rh8 25. Qxg4 Ne7 26. h5 Bc6 27. Qb4 Qxb4 28. axb4 Nd5 29. b5 Nxf6 30. bxc6 Nxh5 31. Reb1 b6 32. c7+ Kxc7 33. Rxa7+ Kc6 34. Rxf7 Rd4 35. g3 Rg8 36. Rb3 Kd5 37. Rb5+ Kc6 38. Rb3 Kd5 39. Rh7 Rg5 40. Rxb6 Ng7 41. Kg2 Kc5 42. Rb7 Rxd3 1-0

[Event "Andorra op 37th"]
[Site "Escaldes"]
[Date "2019.07.28"]
[Round "2"]
[White "Palacios Herrero, Pablo"]
[Black "Peralta, Fernando"]
[Result "0-1"]
[WhiteElo "2248"]
[BlackElo "2562"]
[PlyCount "34"]
[EventDate "2019.07.27"]
[EventType "swiss"]
[EventRounds "9"]
[EventCountry "AND"]
[SourceTitle "CBM 191 Extra"]
[Source "ChessBase"]
[SourceDate "2019.09.30"]
[SourceVersion "1"]
[SourceVersionDate "2019.09.30"]
[SourceQuality "1"]

1. e4 e6 2. d4 d5 3. e5 c5 4. c3 Nc6 5. Nf3 Bd7 6. Be2 Nge7 7. 0-0 Nf5 8. dxc5 Bxc5 9. c4 dxc4 10. Bxc4 Ncd4 11. Nxd4 Bxd4 12. Qe2 0-0 13. Nd2 Bc6 14. Nb3 Bb6 15. Bd2 Qh4 16. Rac1 Ng3 17. Qe1 Qg4 0-1

[Event "Estadilla op 33rd"]
[Site "Estadilla"]
[Date "2019.05.19"]
[Round "6"]
[White "Palacios Herrero, Pablo"]
[Black "Glavina, Pablo"]
[Result "1-0"]
[WhiteElo "2167"]
[BlackElo "2373"]
[PlyCount "67"]
[EventDate "2019.05.19"]
[EventType "swiss (rapid)"]
[EventRounds "9"]
[EventCountry "ESP"]
[SourceTitle "EXT 2020"]
[Source "ChessBase"]
[SourceDate "2019.10.17"]
[SourceVersion "1"]
[SourceVersionDate "2019.10.17"]
[SourceQuality "1"]

1. e4 e5 2. Nf3 Nc6 3. Bb5 a6 4. Ba4 Nf6 5. Qe2 b5 6. Bb3 Bc5 7. c3 d6 8. 0-0 0-0 9. h3 Bb7 10. Rd1 Re8 11. d3 h6 12. Nbd2 Ne7 13. Nf1 Ng6 14. Ng3 d5 15. Bc2 Qe7 16. Nf5 Qf8 17. g3 Rad8 18. Be3 dxe4 19. dxe4 Nxe4 20. Rxd8 Nxg3 21. fxg3 Rxd8 22. Kh2 e4 23. N3d4 Ne5 24. Rf1 Bb6 25. Bf4 Nf3+ 26. Rxf3 exf3 27. Ne7+ Kh8 28. Qd3 g6 29. Be5+ Qg7 30. Nxg6+ Kg8 31. Ne7+ Kf8 32. Bxg7+ Kxg7 33. Ndf5+ Kf6 34. Qxd8 1-0

[Event "La Roda op 46th"]
[Site "La Roda"]
[Date "2019.04.21"]
[Round "8"]
[White "Ramiro Ovejero, Juan Luis"]
[Black "Palacios Herrero, Pablo"]
[Result "1/2-1/2"]
[WhiteElo "2337"]
[BlackElo "2203"]
[PlyCount "68"]
[EventDate "2019.04.17"]
[EventType "swiss"]
[EventRounds "9"]
[EventCountry "ESP"]
[SourceTitle "EXT 2020"]
[Source "ChessBase"]
[SourceDate "2019.10.17"]
[SourceVersion "1"]
[SourceVersionDate "2019.10.17"]
[SourceQuality "1"]

1. e4 e6 2. d4 d5 3. exd5 exd5 4. Nf3 Nf6 5. Bg5 Bd6 6. c4 0-0 7. c5 Re8+ 8. Be2 Bf8 9. Nc3 b6 10. cxb6 axb6 11. 0-0 Bb7 12. Ne5 Be7 13. Bd3 Ne4 14. Bxe4 dxe4 15. Qb3 Rf8 16. Bxe7 Qxe7 17. Rfe1 Nd7 18. Nxd7 Qxd7 19. d5 f5 20. d6+ Kh8 21. Rad1 Rf6 22. dxc7 Qxc7 23. Nd5 Bxd5 24. Qxd5 Rff8 25. Rc1 Qe7 26. Qc4 Qe5 27. Rc2 b5 28. Qc5 Qe6 29. Qxb5 Rfb8 30. Qc4 Qxc4 31. Rxc4 Rxb2 32. g4 Rbxa2 33. gxf5 R2a5 34. Rcxe4 Rxf5 1/2-1/2

[Event "La Roda op 46th"]
[Site "La Roda"]
[Date "2019.04.20"]
[Round "7"]
[White "Palacios Herrero, Pablo"]
[Black "Martinez Reyes, Pedro Ramon"]
[Result "1/2-1/2"]
[WhiteElo "2203"]
[BlackElo "2404"]
[PlyCount "135"]
[EventDate "2019.04.17"]
[EventType "swiss"]
[EventRounds "9"]
[EventCountry "ESP"]
[SourceTitle "CBM 189 Extra"]
[Source "ChessBase"]
[SourceDate "2019.06.03"]
[SourceVersion "1"]
[SourceVersionDate "2019.06.03"]
[SourceQuality "1"]

1. e4 c5 2. Nf3 Nc6 3. d4 cxd4 4. Nxd4 g6 5. Nc3 Bg7 6. Be3 Nf6 7. Bc4 0-0 8. Bb3 d6 9. f3 Nxd4 10. Bxd4 Be6 11. Qd2 Qa5 12. 0-0-0 b5 13. Kb1 b4 14. Nd5 Bxd5 15. exd5 Qb5 16. Qd3 Qxd3 17. Rxd3 Rfc8 18. Re1 Rc7 19. c3 a5 20. cxb4 axb4 21. Rdd1 Bh6 22. g3 Kf8 23. f4 Rac8 24. Rc1 g5 25. Rxc7 Rxc7 26. Bxf6 exf6 27. Re4 Re7 28. Rxb4 Re1+ 29. Kc2 Re2+ 30. Kd3 Rxh2 31. a4 Rh3 32. Kc2 gxf4 33. gxf4 Rf3 34. a5 Bxf4 35. a6 Be3 36. Rb7 Rf2+ 37. Kd3 Rf3 38. Bd1 Rg3 39. Ke4 f5+ 40. Kxf5 Rg1 41. Ba4 h5 42. a7 Bxa7 43. Rxa7 h4 44. Rc7 h3 45. Rc2 Rg2 46. Rc3 h2 47. Rh3 Rxb2 48. Bc6 Kg7 49. Kg4 Kf6 50. Kg3 Kg5 51. Be8 f5 52. Rh5+ Kf6 53. Rxh2 Rb3+ 54. Kh4 Rb4+ 55. Kh5 Re4 56. Bc6 Re7 57. Kh4 Re3 58. Rf2 Ke5 59. Kg5 Rg3+ 60. Kh4 Re3 61. Ra2 Kf4 62. Ra4+ Re4 63. Rxe4+ fxe4 64. Kh5 e3 65. Bb5 Ke4 66. Kg4 Kxd5 67. Kf3 Kd4 68. Ke2 1/2-1/2

[Event "Aragon-chT Honor Pl 7-10"]
[Site "Aragon"]
[Date "2019.03.16"]
[Round "8.18"]
[White "Palacios Herrero, Pablo"]
[Black "Gomez Salinas, Nestor"]
[Result "1-0"]
[WhiteElo "2173"]
[BlackElo "1999"]
[PlyCount "195"]
[EventDate "2019.03.16"]
[EventType "team-tourn"]
[EventRounds "9"]
[EventCountry "ESP"]
[SourceTitle "EXT 2020"]
[Source "ChessBase"]
[SourceDate "2019.10.17"]
[SourceVersion "1"]
[SourceVersionDate "2019.10.17"]
[SourceQuality "1"]
[WhiteTeam "Palacio de Pioneros"]
[BlackTeam "Palacio de Pioneros II"]
[WhiteTeamCountry "ESP"]
[BlackTeamCountry "ESP"]

1. e4 c5 2. Nf3 d6 3. d4 cxd4 4. Nxd4 Nf6 5. Nc3 a6 6. Be3 Ng4 7. Bg5 h6 8. Bh4 g5 9. Bg3 Bg7 10. h3 Nf6 11. Nf5 Bxf5 12. exf5 Qa5 13. Bd3 Nd5 14. 0-0 Nxc3 15. bxc3 Bxc3 16. Qf3 Nd7 17. Rab1 Nc5 18. Be4 Nxe4 19. Qxe4 Bf6 20. Rxb7 0-0 21. f4 Qxa2 22. fxg5 hxg5 23. h4 Rac8 24. hxg5 Rc4 25. Qf3 Bxg5 26. f6 Bxf6 27. Bxd6 Qxc2 28. Bxe7 Bd4+ 29. Kh1 Qh7+ 30. Qh3 Qxh3+ 31. gxh3 Rfc8 32. Bd6 f6 33. Rf4 Ba1 34. Rxc4 Rxc4 35. Ra7 Rc6 36. Bb4 Be5 37. Kg2 Rc4 38. Be1 Ra4 39. h4 Bd4 40. Rd7 Be5 41. Ra7 Ra3 42. h5 Ra1 43. Bb4 Ra4 44. Be1 Bf4 45. Bc3 Bg5 46. h6 Ra2+ 47. Kf1 Bh4 48. Bd4 Rd2 49. Rd7 Ra2 50. Rg7+ Kh8 51. Rg4 Rh2 52. Kg1 Bg3 53. Bxf6+ Kh7 54. Rxg3 Rxh6 55. Rg7+ Kh8 56. Rg6+ Kh7 57. Rg7+ Kh8 58. Ba1 a5 59. Kg2 a4 60. Kg1 a3 61. Rg6+ Kh7 62. Rg7+ Kh8 63. Kf1 a2 64. Rg6+ Kh7 65. Rg7+ Kh8 66. Ra7+ Kg8 67. Rxa2 Rh1+ 68. Kg2 Rd1 69. Ra7 Rd3 70. Be5 Kf8 71. Bg3 Ke8 72. Kh3 Rd7 73. Ra6 Rd4 74. Bb8 Kd7 75. Kg3 Rb4 76. Bf4 Rc4 77. Rd6+ Ke7 78. Rh6 Kd7 79. Kg4 Rc6 80. Rh1 Re6 81. Kf5 Re2 82. Rc1 Re8 83. Rc7+ Kd8 84. Ra7 Re2 85. Be5 Kc8 86. Ke6 Re1 87. Rc7+ Kd8 88. Rb7 Rc1 89. Rb8+ Rc8 90. Rb1 Rc6+ 91. Bd6 Rc2 92. Rb8+ Rc8 93. Rb2 Rc1 94. Bg3 Rc6+ 95. Bd6 Rc1 96. Rh2 Re1+ 97. Be5 Kc8 98. Rb2 1-0

[Event "Aragon-chT Honor Gr-B"]
[Site "Aragon"]
[Date "2019.02.16"]
[Round "4.14"]
[White "Palacios Herrero, Pablo"]
[Black "Laliena Solanes, Luis M"]
[Result "1/2-1/2"]
[WhiteElo "2173"]
[BlackElo "2177"]
[PlyCount "73"]
[EventDate "2019.01.26"]
[EventType "team-tourn"]
[EventRounds "7"]
[EventCountry "ESP"]
[SourceTitle "EXT 2020"]
[Source "ChessBase"]
[SourceDate "2019.10.17"]
[SourceVersion "1"]
[SourceVersionDate "2019.10.17"]
[SourceQuality "1"]
[WhiteTeam "Palacio de Pioneros"]
[BlackTeam "Aragon ONCE"]
[WhiteTeamCountry "ESP"]
[BlackTeamCountry "ESP"]

1. e4 c6 2. d4 d5 3. Nd2 dxe4 4. Nxe4 Nf6 5. Nxf6+ gxf6 6. c3 h5 7. Nf3 Nd7 8. g3 Nb6 9. Bg2 Bg4 10. h3 Bf5 11. Nh4 Be6 12. b3 Bd5 13. c4 Bxg2 14. Nxg2 e5 15. Bb2 Bb4+ 16. Kf1 Nd7 17. Qe2 Qe7 18. a3 Ba5 19. Nh4 Qe6 20. Rd1 exd4 21. Rxd4 Qxe2+ 22. Kxe2 0-0-0 23. Rhd1 Rhe8+ 24. Kf1 Bb6 25. R4d2 Nc5 26. Rxd8+ Rxd8 27. Rxd8+ Kxd8 28. b4 Ne4 29. Ke2 Bxf2 30. Kf3 Bxg3 31. Nf5 Be5 32. Bxe5 Ng5+ 33. Kf4 Ne6+ 34. Ke4 Ng5+ 35. Kf4 Ne6+ 36. Ke4 Ng5+ 37. Kf4 1/2-1/2

[Event "Andorra op 36th"]
[Site "Escaldes"]
[Date "2018.07.25"]
[Round "5"]
[White "Palacios Herrero, Pablo"]
[Black "Shabalov, Alexander"]
[Result "1-0"]
[WhiteElo "2183"]
[BlackElo "2567"]
[PlyCount "85"]
[EventDate "2018.07.21"]
[EventType "swiss"]
[EventRounds "9"]
[EventCountry "AND"]
[SourceTitle "CBM 185 Extra"]
[Source "ChessBase"]
[SourceDate "2018.07.29"]
[SourceVersion "1"]
[SourceVersionDate "2018.07.29"]
[SourceQuality "1"]

1. e4 Nc6 2. Nf3 d6 3. d4 Nf6 4. Nc3 g6 5. Be3 Bg7 6. Qd2 Bg4 7. Be2 0-0 8. 0-0 e5 9. dxe5 dxe5 10. Rad1 Qc8 11. h3 Rd8 12. Qc1 Bxf3 13. Bxf3 Nd4 14. Bxd4 exd4 15. Nd5 Nxd5 16. exd5 Qf5 17. Rfe1 Qf6 18. Re2 a5 19. Rde1 a4 20. Re7 Qd6 21. c3 Bf6 22. R7e4 dxc3 23. bxc3 Kg7 24. Rb4 b6 25. Rc4 Re8 26. Rxe8 Rxe8 27. Rxa4 Qc5 28. Re4 Ra8 29. Re2 Ra3 30. Rc2 Qa5 31. Qd2 Bxc3 32. Qe2 Qb4 33. g3 Qd6 34. Kg2 Qf6 35. Be4 Be5 36. Bf3 Bd6 37. Be4 Qa1 38. Bd3 f5 39. Rxc7+ Bxc7 40. Qe7+ Kh6 41. Qf8+ Qg7 42. Qxa3 Qf6 43. Qc1+ 1-0

[Event "Aragon-chT Honor Titulo"]
[Site "Aragon"]
[Date "2018.04.07"]
[Round "10.6"]
[White "Guzman Moneo, Alberto"]
[Black "Palacios Herrero, Pablo"]
[Result "0-1"]
[WhiteElo "2239"]
[BlackElo "2165"]
[PlyCount "92"]
[EventDate "2018.03.17"]
[EventType "team-tourn"]
[EventRounds "10"]
[EventCountry "ESP"]
[SourceTitle "EXT 2019"]
[Source "ChessBase"]
[SourceDate "2018.10.10"]
[SourceVersion "1"]
[SourceVersionDate "2018.10.10"]
[SourceQuality "1"]
[WhiteTeam "Helios"]
[BlackTeam "Palacio de Pioneros"]
[WhiteTeamCountry "ESP"]
[BlackTeamCountry "ESP"]

1. e4 e6 2. d4 d5 3. Bd3 dxe4 4. Bxe4 Nf6 5. Bf3 c5 6. Ne2 cxd4 7. Qxd4 Nbd7 8. Nbc3 Bc5 9. Qh4 0-0 10. Qg3 Qb6 11. 0-0 Bd6 12. Qh4 Ne5 13. Be4 Nxe4 14. Nxe4 Ng6 15. Qh5 Be7 16. Rd1 f6 17. N2c3 a6 18. a4 Qc6 19. a5 b5 20. axb6 Bb7 21. f3 Qxb6+ 22. Kh1 Rfd8 23. Re1 Rd7 24. Be3 Qc6 25. Na4 Rd5 26. Qh3 Rad8 27. Nac3 R5d7 28. Qh5 Ne5 29. Qh3 Nc4 30. Bc1 Bc8 31. Nf2 e5 32. Qg3 Nd6 33. Nfe4 Nxe4 34. Nxe4 Kh8 35. c3 Qb5 36. Qf2 Bb7 37. Ng3 Bc5 38. Be3 Bxe3 39. Qxe3 Qxb2 40. Nf1 Rd3 41. Qa7 Rxf3 42. Qg1 Rf2 43. Ne3 Rdd2 44. Rab1 Rxg2 45. Nxg2 Rxg2 46. Re4 Rxg1+ 0-1